000 01049aab a2200193 i 4500
001 768714001
003 CO-MdFUSB
005 20250729164742.0
008 240320t1992 ag ||||| |||| 00| 0 spa d
040 _bspa
_cCO-MdFUSB
041 _aspa
245 1 0 _a1 de diciembre :
_bdía mundial del SIDA
300 _aVolumen 12, número 4 (octubre - diciembre, 1993), páginas: 13 - 14
_c; 27 cm
520 _aEl día mundial del SIDA es una fecha en el año acordada por la Organización Mundial de la Salud (OMS) y respaldada por muchas organizaciones estatales y no gubernamentales de 198 países, para llevar a cabo actividades de información, educación y prevención del VIH /SIDA. Se implementó esta celebración en vista del rápido avance de la enfermedad y de la necesidad de hacer un esfuerzo planetario para detener su desarrollo.
653 _aDia mundial del SIDA
773 0 _tIglesia y Misión
_049402
_959656
_gVolumen 12, número 4 (octubre - diciembre, 1993), páginas: 13 - 14
_qpáginas: 13
942 _cANA
945 _aJTF-925
999 _c52014
_d52014